000 00707nam a2200253Ia 4500
003 OSt
005 20220918175032.0
006 a|||||r|||| 00| 0
007 ta
008 220917b |||||||| |||| 00| 0 eng d
024 _a15,300
037 _cTextual
040 _aARTS
_cARTS
_beng
041 _2eng
_aeng
082 _aO:g, K3 (EO)
100 _aArmstrong Chloe
_952616
245 0 _aOral interpretation of literature
260 _aNew York
_bMcGraw Hill
_c1963
490 _aMcGraw-Hill series in speech
650 _aENGLISH LITERATURE
700 _a Brandes Paul D
_952617
942 _hO:g, K3 (EO)
_cTEXL
_2CC
999 _c155723
_d155723